[Event "Politiken Cup 2007"]
[Site "Helsingor"]
[Date "2007.07.25"]
[Round "6.14"]
[White "Ringoir, Tanguy"]
[Black "Rasmussen, Allan Stig"]
[Result "1/2-1/2"]
[WhiteElo "2208"]
[BlackElo "2450"]
[PlyCount "98"]
[EventDate "2007.??.??"]

1. e4 c6 2. d4 d5 3. exd5 cxd5 4. c4 Nf6 5. Nc3 e6 6. Nf3 Be7 7. cxd5 Nxd5 8.
Bc4 Nc6 9. O-O O-O 10. Re1 a6 11. h3 Nxc3 12. bxc3 b5 13. Bd3 Bb7 14. Qc2 g6
15. Bh6 Re8 16. Rad1 Rc8 17. Qe2 b4 18. Qb2 Qd6 19. Ne5 Ba8 20. Nc4 Qd8 21.
cxb4 Rb8 22. a3 Qxd4 23. Qxd4 Nxd4 24. Bf4 Rbd8 25. Nb6 Nb5 26. Bxb5 axb5 27.
Rc1 Rd3 28. Re3 Rxe3 29. Bxe3 Bd6 30. Rc8 Rxc8 31. Nxc8 Be5 32. Na7 Bb2 33.
Nxb5 Bc6 34. a4 e5 35. Bd2 Kf8 36. Nc3 Bxc3 37. Bxc3 Bxa4 38. Bxe5 Ke7 39. f4
Ke6 40. Kf2 g5 41. Ke3 Bc6 42. g3 Bg2 43. h4 gxh4 44. gxh4 Kd5 45. Kf2 Bh3 46.
Kg3 Bd7 47. h5 Ke4 48. Kf2 f6 49. Bc7 Be8 1/2-1/2

[Event "Politiken Cup 2007"]
[Site "Helsingor"]
[Date "2007.07.25"]
[Round "6.15"]
[White "Christensen, Svend Ellegaard"]
[Black "Skytte, Rasmus"]
[Result "1/2-1/2"]
[WhiteElo "2199"]
[BlackElo "2416"]
[PlyCount "58"]
[EventDate "2007.??.??"]

1. d4 Nf6 2. Nf3 d5 3. Bf4 c5 4. e3 Nc6 5. c3 Qb6 6. Qc2 g6 7. b3 Bg7 8. h3 O-O
9. Nbd2 Nd7 10. Be2 e5 11. dxe5 Ndxe5 12. Nxe5 Nxe5 13. Bxe5 Bxe5 14. Nf3 Bf6
15. O-O Be6 16. Rac1 Rfd8 17. Rfd1 Qa5 18. Nh2 d4 19. cxd4 cxd4 20. Bg4 Rac8
21. Qe4 Rxc1 22. Rxc1 Bd5 23. Qf4 Kg7 24. Bf3 dxe3 25. fxe3 Be6 26. Bxb7 h5 27.
Rc2 Rd1+ 28. Nf1 Qb5 29. Bc6 Qb6 1/2-1/2

[Event "Politiken Cup 2007"]
[Site "Helsingor"]
[Date "2007.07.25"]
[Round "6.16"]
[White "Antonsen, Mikkel"]
[Black "Duchene, Rene"]
[Result "1-0"]
[WhiteElo "2406"]
[BlackElo "2188"]
[PlyCount "69"]
[EventDate "2007.??.??"]

1. d4 Nf6 2. c4 g6 3. Nc3 Bg7 4. e4 d6 5. f3 O-O 6. Nge2 c5 7. d5 e6 8. Ng3
exd5 9. cxd5 Na6 10. Be2 Nc7 11. O-O a6 12. Bf4 b5 13. Qd2 b4 14. Nd1 Nb5 15.
Ne3 Qe7 16. Nc4 Nd7 17. Bg5 f6 18. Be3 Ne5 19. Nb6 Rb8 20. Nxc8 Rfxc8 21. f4
Nf7 22. Bg4 f5 23. exf5 Re8 24. Rae1 Qf6 25. fxg6 hxg6 26. Be6 Qxb2 27. Qd3 Rb7
28. Qxg6 Qf6 29. Qg4 Kf8 30. Nh5 Qc3 31. f5 Bf6 32. Qg6 Bd4 33. Bxd4 Qxd4+ 34.
Kh1 Qh4 35. Nf6 1-0

[Event "Politiken Cup 2007"]
[Site "Helsingor"]
[Date "2007.07.25"]
[Round "6.17"]
[White "Laursen, Niels Norskov"]
[Black "Bulski, Krzysztof"]
[Result "0-1"]
[WhiteElo "2186"]
[BlackElo "2396"]
[PlyCount "70"]
[EventDate "2007.??.??"]

1. e4 c5 2. Nf3 d6 3. d4 cxd4 4. Nxd4 Nf6 5. Nc3 a6 6. Bg5 e6 7. f4 Qb6 8. Bxf6
gxf6 9. Qd2 Qxb2 10. Nb3 Qa3 11. Be2 Qb4 12. O-O Bd7 13. Bh5 Nc6 14. f5 Ne5 15.
fxe6 Bxe6 16. a3 Qb6+ 17. Kh1 Be7 18. Nd4 Kd7 19. Nf5 Rac8 20. Rab1 Qc6 21. Qf4
Qxc3 22. Nxe7 Kxe7 23. Qxf6+ Kd7 24. Rxb7+ Kc6 25. Rfb1 Qc5 26. Be2 Rhg8 27.
Qf1 Rc7 28. R7b2 Kd7 29. Bxa6 Ng4 30. c4 Rg6 31. h3 Rf6 32. Qe1 Nf2+ 33. Kh2
Nd3 34. Qg3 Nxb2 35. Bb5+ Ke7 0-1

[Event "Politiken Cup 2007"]
[Site "Helsingor"]
[Date "2007.07.25"]
[Round "6.18"]
[White "Hector, Jonny"]
[Black "Corke, Anya"]
[Result "1-0"]
[WhiteElo "2550"]
[BlackElo "2149"]
[PlyCount "65"]
[EventDate "2007.??.??"]

1. d4 e6 2. e4 d5 3. e5 c5 4. c3 Nc6 5. Nf3 Qb6 6. Bd3 Bd7 7. dxc5 Bxc5 8. O-O
f6 9. b4 Be7 10. b5 Nd8 11. c4 dxc4 12. Bxc4 Rc8 13. Nbd2 Nf7 14. Bb2 Bxb5 15.
Bd4 Qa6 16. Bxb5+ Qxb5 17. Re1 f5 18. Rb1 Qa6 19. Qb3 Nd8 20. Rec1 Rxc1+ 21.
Rxc1 Nh6 22. Rc7 Qa5 23. Qc4 Nhf7 24. a4 Ng5 25. Bc3 Nxf3+ 26. Nxf3 Qb6 27. h4
Nc6 28. Rc8+ Nd8 29. Nd2 O-O 30. a5 Qa6 31. Qxa6 bxa6 32. Rc7 Bxh4 33. Nf3 1-0

[Event "Politiken Cup 2007"]
[Site "Helsingor"]
[Date "2007.07.25"]
[Round "6.19"]
[White "Lie, Kjetil A"]
[Black "Holm, Sejer"]
[Result "1-0"]
[WhiteElo "2536"]
[BlackElo "2262"]
[PlyCount "45"]
[EventDate "2007.??.??"]

1. e4 c5 2. Nf3 Nc6 3. d4 cxd4 4. Nxd4 Nf6 5. Nc3 d6 6. Bg5 Qb6 7. Be3 Qxb2 8.
Ndb5 Qb4 9. Bd2 Rb8 10. Rb1 Qa5 11. e5 Nxe5 12. Nd5 Qd8 13. Nbc7+ Kd7 14. Bb5+
Nc6 15. Bxc6+ bxc6 16. Rxb8 cxd5 17. Ba5 Qxc7 18. Bxc7 Kxc7 19. Rb4 Nd7 20.
Qxd5 Nc5 21. Qa8 Bb7 22. Rxb7+ Nxb7 23. O-O 1-0

[Event "Politiken Cup 2007"]
[Site "Helsingor"]
[Date "2007.07.25"]
[Round "6.20"]
[White "Hagen, Andreas Skytte"]
[Black "Holzke, Frank"]
[Result "1/2-1/2"]
[WhiteElo "2256"]
[BlackElo "2489"]
[PlyCount "58"]
[EventDate "2007.??.??"]

1. Nf3 Nf6 2. c4 c6 3. Nc3 d5 4. d4 dxc4 5. a4 Bf5 6. Nh4 Bc8 7. Nf3 Bf5 8. Nh4
e6 9. Nxf5 exf5 10. e3 Bb4 11. Bxc4 O-O 12. O-O Nbd7 13. Qc2 g6 14. f3 Rc8 15.
Qf2 c5 16. Ba2 Qa5 17. Bd2 f4 18. Kh1 fxe3 19. Bxe3 Bxc3 20. bxc3 c4 21. d5
Nxd5 22. Bd4 Nf4 23. Rab1 Ne6 24. Bxa7 Rc7 25. Rb4 b5 26. Be3 Ndc5 27. Rxb5
Qxa4 28. Rxc5 Nxc5 29. Bxc5 Rxc5 1/2-1/2

[Event "Politiken Cup 2007"]
[Site "Helsingor"]
[Date "2007.07.25"]
[Round "6.21"]
[White "Zhao, Parker"]
[Black "Rohit, G."]
[Result "0-1"]
[WhiteElo "2180"]
[BlackElo "2470"]
[PlyCount "94"]
[EventDate "2007.??.??"]

1. e4 c5 2. Nf3 e6 3. d3 Nc6 4. g3 d5 5. Nbd2 Bd6 6. Bg2 Nge7 7. O-O O-O 8. Nh4
Bc7 9. f4 f6 10. c3 b6 11. f5 dxe4 12. dxe4 Ne5 13. Qe2 a5 14. Nhf3 N7c6 15.
Nxe5 Nxe5 16. fxe6 Bxe6 17. Rd1 Qd3 18. Qxd3 Nxd3 19. e5 Rad8 20. exf6 Rxf6 21.
Ne4 Rff8 22. Bg5 Rd7 23. Rd2 h6 24. Be3 Rfd8 25. Nf2 Ne5 26. Rxd7 Rxd7 27. Bf4
Re7 28. Bxe5 Bxe5 29. a3 Kf7 30. Nd3 Bc7 31. Nf4 Bxf4 32. Rf1 g5 33. gxf4 Bc4
34. Rd1 gxf4 35. Rd2 Re3 36. Kf2 Bd3 37. Bf3 c4 38. b3 cxb3 39. Bd5+ Kf6 40.
Bxb3 Ke5 41. Bg8 Be4 42. Rb2 Rxc3 43. Rxb6 Rc2+ 44. Ke1 Rxh2 45. Bc4 Kd4 46.
Bf1 f3 47. Ra6 Ke3 0-1

[Event "Politiken Cup 2007"]
[Site "Helsingor"]
[Date "2007.07.25"]
[Round "6.22"]
[White "Hammer, Jon Ludvig"]
[Black "Brondum, Eric"]
[Result "1/2-1/2"]
[WhiteElo "2412"]
[BlackElo "2169"]
[PlyCount "54"]
[EventDate "2007.??.??"]

1. e4 g6 2. d4 Bg7 3. Nc3 d6 4. f4 a6 5. Nf3 b5 6. Bd3 Nd7 7. e5 c5 8. Be4 Rb8
9. O-O Nh6 10. dxc5 Nxc5 11. Bc6+ Bd7 12. Bxd7+ Qxd7 13. exd6 Qxd6 14. Qxd6
exd6 15. Be3 O-O 16. Bd4 Nf5 17. Bxg7 Kxg7 18. Rfe1 Rfe8 19. Rxe8 Rxe8 20. Re1
Rxe1+ 21. Nxe1 Ne7 22. Kf2 f5 23. Ke3 Kf6 24. Nf3 h6 25. g3 g5 26. fxg5+ hxg5
27. h4 f4+ 1/2-1/2

[Event "Politiken Cup 2007"]
[Site "Helsingor"]
[Date "2007.07.25"]
[Round "6.23"]
[White "Ziska, Helgi Dam"]
[Black "Holst, Conny"]
[Result "1-0"]
[WhiteElo "2408"]
[BlackElo "2139"]
[PlyCount "147"]
[EventDate "2007.??.??"]

1. e4 c5 2. Nc3 d6 3. f4 Nc6 4. Bc4 Nf6 5. Nf3 e6 6. d3 a6 7. Bb3 Be7 8. O-O d5
9. e5 Nd7 10. Ne2 g6 11. c3 h5 12. d4 b5 13. Be3 Na5 14. Bc2 Nc4 15. Bc1 Bb7
16. b3 Na5 17. Be3 c4 18. b4 Nc6 19. a4 Nb6 20. a5 Nd7 21. g3 Qc7 22. h3 O-O-O
23. Qd2 Rdg8 24. Kf2 Kb8 25. Rh1 Bc8 26. Rag1 Qd8 27. Qc1 Qf8 28. Qb1 Bd8 29.
Ke1 Ne7 30. Kd2 Nf5 31. Bf2 Be7 32. g4 Ng7 33. Be3 Qd8 34. Rg2 Nf8 35. Rhg1
hxg4 36. hxg4 Rh3 37. Rg3 Rgh8 38. Rxh3 Rxh3 39. Qf1 Rh8 40. Rh1 Nd7 41. Ng3
Qf8 42. Ke2 Kc7 43. Bd2 Nb8 44. Rh3 Nc6 45. Qh1 Rxh3 46. Qxh3 Qg8 47. Ne1 Bd7
48. Kf2 Bc8 49. Ng2 Bd8 50. Qh6 Ne7 51. Ne3 Kb8 52. Be1 Bc7 53. Ne2 Bd8 54. Ng1
Bd7 55. Nf3 Nc6 56. f5 exf5 57. gxf5 gxf5 58. Nxd5 Be6 59. Nf4 Ne7 60. d5 Bxd5
61. Nxd5 Nxd5 62. Qxa6 Qe8 63. Nd4 Ne6 64. Nxb5 Bh4+ 65. Kf1 Ne3+ 66. Ke2 Nf4+
67. Kf3 Qxe5 68. Qb6+ Kc8 69. Na7+ Kd7 70. Qc6+ Ke7 71. Bxh4+ f6 72. Bxf6+ Qxf6
73. Qxf6+ Kxf6 74. Kxe3 1-0

[Event "Politiken Cup 2007"]
[Site "Helsingor"]
[Date "2007.07.25"]
[Round "6.24"]
[White "Zude, Erik Dr"]
[Black "Peschardt, Soren"]
[Result "1-0"]
[WhiteElo "2399"]
[BlackElo "2137"]
[PlyCount "129"]
[EventDate "2007.??.??"]

1. d4 f5 2. c4 Nf6 3. Nc3 e6 4. e3 Bb4 5. Bd3 O-O 6. Nge2 d6 7. Qc2 Nc6 8. a3
Bxc3+ 9. Nxc3 Qe8 10. Bd2 a6 11. O-O-O Bd7 12. h3 e5 13. Nd5 Nxd5 14. cxd5 Ne7
15. dxe5 Nxd5 16. Bc4 Be6 17. f3 Nb6 18. Bxe6+ Qxe6 19. exd6 cxd6 20. Kb1 Rac8
21. Qd3 Rc6 22. Bc3 Rfc8 23. Bd4 Nc4 24. g4 Rf8 25. f4 b5 26. Rhe1 Qe4 27. Qxe4
fxe4 28. Ka2 Rfc8 29. Re2 Na5 30. Bc3 Nb7 31. Rd4 Nc5 32. Red2 Na4 33. Bb4 Rc2
34. Kb3 Rc1 35. Rxd6 Rh1 36. f5 h6 37. Rd8+ Rxd8 38. Rxd8+ Kh7 39. Re8 Rxh3 40.
Rxe4 Rh2 41. Ka2 Nxb2 42. Re7 a5 43. Bd6 Re2 44. Kb1 Nc4 45. Bc5 b4 46. axb4
axb4 47. Bd4 Nd2+ 48. Kc2 Nf3+ 49. Kd3 Nxd4 50. f6 Rf2 51. Rxg7+ Kh8 52. Kxd4
Rxf6 53. Rb7 Rg6 54. Ke5 Rxg4 55. e4 h5 56. Kf5 Rg3 57. e5 b3 58. e6 Re3 59. e7
b2 60. Kg6 Rg3+ 61. Kh6 Rg8 62. Rxb2 Re8 63. Rd2 Kg8 64. Kg6 Rxe7 65. Rd8+ 1-0

[Event "Politiken Cup 2007"]
[Site "Helsingor"]
[Date "2007.07.25"]
[Round "6.25"]
[White "Jepson, Christian"]
[Black "Hirneise, Jens"]
[Result "1-0"]
[WhiteElo "2374"]
[BlackElo "2090"]
[PlyCount "45"]
[EventDate "2007.??.??"]

1. d4 Nf6 2. c4 g6 3. Nc3 Bg7 4. e4 d6 5. f4 O-O 6. Nf3 c5 7. d5 b5 8. cxb5 a6
9. e5 Nfd7 10. Be2 axb5 11. Bxb5 dxe5 12. O-O exf4 13. Bxf4 Bb7 14. Qd2 Qb6 15.
a4 Bd4+ 16. Be3 Bxe3+ 17. Qxe3 Nf6 18. Rad1 Na6 19. Ne5 Nb4 20. d6 Nbd5 21.
Nxd5 Nxd5 22. Rxd5 Bxd5 23. dxe7 1-0

[Event "Politiken Cup 2007"]
[Site "Helsingor"]
[Date "2007.07.25"]
[Round "6.27"]
[White "Rosenkilde, Alexander"]
[Black "Christensen, Stefan"]
[Result "0-1"]
[WhiteElo "2047"]
[BlackElo "2301"]
[PlyCount "82"]
[EventDate "2007.??.??"]

1. d4 Nf6 2. c4 e6 3. Nf3 b6 4. g3 Bb7 5. Bg2 Be7 6. Nc3 Ne4 7. Qc2 Nxc3 8.
Qxc3 O-O 9. O-O f5 10. b3 Bf6 11. Bb2 d6 12. Rad1 Qe8 13. Qd2 Qh5 14. Ne1 Bxg2
15. Nxg2 Bg5 16. Qc2 Nd7 17. Bc1 Bxc1 18. Qxc1 Qxe2 19. Nf4 Qxa2 20. Nxe6 Rf7
21. Qc3 Nf6 22. Qf3 Re8 23. Ra1 Qd2 24. Qxf5 g6 25. Qf4 Qxf4 26. Nxf4 a5 27.
Rfe1 Rfe7 28. Rxe7 Rxe7 29. Kf1 g5 30. Ng2 Ng4 31. Kg1 Re2 32. Re1 Rb2 33. f3
Nf2 34. Ne3 Nh3+ 35. Kh1 Nf2+ 36. Kg1 Nd3 37. Rd1 Rxb3 38. Nd5 a4 39. Nxc7 a3
40. Ra1 Nb4 41. Nd5 a2 0-1

[Event "Politiken Cup 2007"]
[Site "Helsingor"]
[Date "2007.07.25"]
[Round "6.29"]
[White "Aanstad, Magnus"]
[Black "Aabling-Thomsen, Jakob"]
[Result "0-1"]
[WhiteElo "1818"]
[BlackElo "2242"]
[PlyCount "66"]
[EventDate "2007.??.??"]

1. e4 g6 2. d4 Bg7 3. Nc3 d6 4. Be2 a6 5. f4 Nd7 6. Nf3 c5 7. O-O cxd4 8. Nxd4
Ngf6 9. Kh1 b5 10. Bf3 e5 11. Nc6 Qc7 12. Nb4 Bb7 13. Nbd5 Nxd5 14. Nxd5 Bxd5
15. Qxd5 Nb6 16. Qd3 O-O 17. f5 Rad8 18. Bg4 Qe7 19. Qh3 d5 20. Bh6 Rd6 21.
Bxg7 Kxg7 22. exd5 Nxd5 23. Rae1 Re8 24. Be2 Qg5 25. Bd3 Nf4 26. Qg3 Qxg3 27.
hxg3 Nxd3 28. cxd3 Rxd3 29. f6+ Kh6 30. Kh2 g5 31. Rf5 e4 32. g4 Kg6 33. Rc5
Re6 0-1

[Event "Politiken Cup 2007"]
[Site "Helsingor"]
[Date "2007.07.25"]
[Round "6.31"]
[White "Stripunsky, Alexander"]
[Black "Kaaber, Jacob"]
[Result "1-0"]
[WhiteElo "2589"]
[BlackElo "2162"]
[PlyCount "109"]
[EventDate "2007.??.??"]

1. e4 c5 2. g3 d5 3. exd5 Qxd5 4. Nf3 Bg4 5. Bg2 Nc6 6. h3 Bh5 7. d3 Nf6 8. Be3
e6 9. Nbd2 Be7 10. Nb3 c4 11. dxc4 Qxc4 12. Qe2 Qxe2+ 13. Kxe2 Nd5 14. Bd2
O-O-O 15. Rhc1 e5 16. Kf1 Bg6 17. a3 Nb6 18. Bc3 f6 19. Na5 Nxa5 20. Bxa5 Rd5
21. Be1 Rc5 22. Nh4 Be8 23. Nf5 Bf8 24. Bb4 Rc7 25. c4 g6 26. Ne3 Bc6 27. Bxc6
Rxc6 28. Bxf8 Rxf8 29. c5 Na4 30. b4 Rd8 31. Rd1 b6 32. Nd5 Rd7 33. cxb6 Nxb6
34. Rdc1 Kb7 35. Rxc6 Kxc6 36. Nxf6 Rf7 37. Rc1+ Kb5 38. Ne4 Ka4 39. Rc3 Nd5
40. Rd3 Nc7 41. Ke2 a5 42. bxa5 Kxa5 43. Rc3 Kb6 44. Rc5 Re7 45. a4 Ne6 46.
Rb5+ Kc6 47. Kd3 Nc7 48. Rc5+ Kb6 49. Kc4 Na6 50. Rb5+ Kc6 51. a5 Nc7 52. Rb6+
Kd7 53. Nc5+ Kc8 54. a6 Na8 55. Rb7 1-0

[Event "Politiken Cup 2007"]
[Site "Helsingor"]
[Date "2007.07.25"]
[Round "6.33"]
[White "Kovachev, Daniel Jakobsen"]
[Black "Pedersen, Christian Kyndel"]
[Result "0-1"]
[WhiteElo "2153"]
[BlackElo "2392"]
[PlyCount "149"]
[EventDate "2007.??.??"]

1. e4 c5 2. Nf3 e6 3. d4 cxd4 4. Nxd4 a6 5. c4 Nf6 6. Nc3 Bb4 7. Bd3 Nc6 8.
Nxc6 dxc6 9. O-O e5 10. Qc2 O-O 11. a3 Be7 12. b4 Be6 13. c5 a5 14. Bb2 Qc7 15.
Na4 Nd7 16. Rfc1 axb4 17. axb4 Rfd8 18. h3 h6 19. Kh2 Bg5 20. Rd1 Bf6 21. Rdc1
Rab8 22. Bc4 Bxc4 23. Qxc4 Nf8 24. Rd1 Ne6 25. Nb6 h5 26. Bc3 h4 27. Qe2 Qe7
28. Nc4 Nf4 29. Qb2 Qe6 30. Nd6 b6 31. Qa2 bxc5 32. bxc5 Rb3 33. Rac1 Be7 34.
Qa4 Ne2 35. Ba5 Ra8 36. Ra1 Nd4 37. Qa2 Bxd6 38. cxd6 Qxd6 39. Qxb3 Nxb3 40.
Rxd6 Nxa1 41. Bc3 f6 42. Rxc6 Nb3 43. Rb6 Nc5 44. f3 Kf7 45. Rb2 Nd3 46. Rd2
Nf4 47. Rd7+ Kg6 48. Bd2 Ne6 49. Be3 Kh5 50. Re7 Ra6 51. Rd7 g5 52. Rd2 Kg6 53.
Bf2 Ra3 54. Bb6 Nf4 55. Bc5 Rb3 56. Ba7 Kf7 57. Bc5 Nh5 58. Bf2 Rb1 59. Ra2 Rf1
60. Ra7+ Kg6 61. Ra2 Rb1 62. Rc2 Ra1 63. Rb2 Ra6 64. Rd2 f5 65. exf5+ Kxf5 66.
Rb2 Nf4 67. Be3 Nd5 68. Bd2 Ra3 69. Rc2 Rd3 70. Be1 Ne3 71. Re2 Kf4 72. Bf2
Nf1+ 73. Kg1 Ng3 74. Re1 Rb3 75. Ra1 0-1

[Event "Politiken Cup 2007"]
[Site "Helsingor"]
[Date "2007.07.25"]
[Round "6.34"]
[White "Olsson, Linus"]
[Black "Finnlaugsson, Gunnar"]
[Result "1-0"]
[WhiteElo "2377"]
[BlackElo "2116"]
[PlyCount "55"]
[EventDate "2007.??.??"]

1. Nf3 Nf6 2. c4 e6 3. Nc3 c5 4. g3 b6 5. Bg2 Bb7 6. O-O Be7 7. Re1 O-O 8. e4
d6 9. d4 cxd4 10. Nxd4 Qc8 11. b3 Nc6 12. Ndb5 Rd8 13. Ba3 Ne8 14. Rc1 a6 15.
Na4 axb5 16. cxb5 Qc7 17. Re2 Ra5 18. bxc6 Ba8 19. b4 Ra7 20. b5 Ra5 21. Rd2
Rxb5 22. Nc3 Ra5 23. Bb4 Ra6 24. Bf1 Qc8 25. Bxa6 Qxa6 26. Qe2 Qc8 27. Nb5 Qa6
28. e5 1-0

[Event "Politiken Cup 2007"]
[Site "Helsingor"]
[Date "2007.07.25"]
[Round "6.35"]
[White "Kleiman, Jake"]
[Black "Jonsson, Krister"]
[Result "0-1"]
[WhiteElo "2312"]
[BlackElo "2114"]
[PlyCount "106"]
[EventDate "2007.??.??"]

1. e4 c5 2. Nf3 e6 3. d3 Nc6 4. g3 g6 5. d4 cxd4 6. Nxd4 Nxd4 7. Qxd4 Qf6 8.
Qd3 Bc5 9. Qe2 d6 10. Nc3 a6 11. Bg2 Bd7 12. O-O Bc6 13. Be3 Bxe3 14. Qxe3 Ne7
15. Rad1 Rd8 16. Qh6 Ng8 17. Qe3 Ne7 18. f4 O-O 19. g4 Qg7 20. f5 gxf5 21. gxf5
Nxf5 22. Qf4 Kh8 23. Rd2 Rg8 24. Nd5 Bxd5 25. exd5 Qg5 26. Kh1 b6 27. Bh3 Ne3
28. Qxg5 Rxg5 29. Re1 Nxd5 30. Red1 Rdg8 31. Rf2 Ne3 32. Re1 f5 33. Rfe2 Nc4
34. Rxe6 Ne5 35. Rxd6 Nf3 36. Rdd1 Nxe1 37. Rxe1 R8g6 38. Rf1 f4 39. Bc8 f3 40.
h3 Rc5 41. Bxa6 Rg3 42. c4 Rxh3+ 43. Kg1 Rg5+ 44. Kf2 Rg2+ 45. Ke3 Rxb2 46. Bc8
Rg3 47. Kf4 Rg8 48. Bf5 f2 49. Ke3 Re8+ 50. Be4 Rxa2 51. Rh1 Rxe4+ 52. Kxe4
Re2+ 53. Kf3 Re1 0-1

[Event "Politiken Cup 2007"]
[Site "Helsingor"]
[Date "2007.07.25"]
[Round "6.36"]
[White "Kjartansson, Gudmundur"]
[Black "Struch, Thomas"]
[Result "1-0"]
[WhiteElo "2306"]
[BlackElo "2106"]
[PlyCount "81"]
[EventDate "2007.??.??"]

1. e4 e5 2. Nf3 Nc6 3. Bb5 Nf6 4. O-O Nxe4 5. d4 Nd6 6. Bxc6 dxc6 7. dxe5 Nf5
8. Qxd8+ Kxd8 9. Nc3 h6 10. Rd1+ Ke8 11. h3 a5 12. b3 Be6 13. Ne4 Bd5 14. Nfd2
a4 15. Bb2 b5 16. c4 Be6 17. g4 Nh4 18. f4 h5 19. f5 Bc8 20. Kf2 Be7 21. cxb5
cxb5 22. Rac1 Bd8 23. e6 Rg8 24. exf7+ Kxf7 25. Kg3 Ra6 26. Ng5+ Bxg5 27. Rxc7+
Be7 28. Re1 Re8 29. Ba3 axb3 30. Bxe7 Kg8 31. axb3 g5 32. Bxg5 Nxf5+ 33. gxf5
Rxe1 34. Rxc8+ Kf7 35. Nf3 Rb1 36. Ne5+ Kg7 37. f6+ Kh7 38. Rc7+ Kg8 39. Rg7+
Kf8 40. Ng6+ Ke8 41. f7+ 1-0

[Event "Politiken Cup 2007"]
[Site "Helsingor"]
[Date "2007.07.25"]
[Round "6.37"]
[White "Sylvan, Jacob"]
[Black "Cannon, Richard J"]
[Result "1-0"]
[WhiteElo "2281"]
[BlackElo "2104"]
[PlyCount "69"]
[EventDate "2007.??.??"]

1. d4 e6 2. Nf3 Nf6 3. g3 d5 4. Bg2 Be7 5. O-O O-O 6. c4 Nbd7 7. Qc2 c5 8. Rd1
cxd4 9. Nxd4 e5 10. Nf5 d4 11. e3 dxe3 12. Bxe3 Re8 13. Nxe7+ Qxe7 14. Nc3 h6
15. Nb5 Nf8 16. Bxa7 Bg4 17. Re1 Rad8 18. Bb6 Rc8 19. b3 N6d7 20. Bc7 b6 21. a4
Ng6 22. a5 bxa5 23. Bxa5 Qc5 24. Qd2 Nb6 25. Bb4 Nxc4 26. bxc4 Qb6 27. Qd6 Re6
28. Qxb6 Rxb6 29. Rec1 Be6 30. Bf1 Bd7 31. Bd2 e4 32. Be3 Rbb8 33. Nd6 Rd8 34.
Nxe4 Bc6 35. Bg2 1-0

[Event "Politiken Cup 2007"]
[Site "Helsingor"]
[Date "2007.07.25"]
[Round "6.38"]
[White "Jacobsen, Per"]
[Black "Larsen, Bjarke"]
[Result "0-1"]
[WhiteElo "1730"]
[BlackElo "1395"]
[PlyCount "38"]
[EventDate "2007.??.??"]

1. b3 d5 2. Bb2 Bf5 3. e3 Nd7 4. Nf3 Ngf6 5. d4 e6 6. Nbd2 Bd6 7. Be2 c6 8. c4
O-O 9. c5 Bc7 10. O-O Ne4 11. Nxe4 Bxe4 12. Bd3 Bxd3 13. Qxd3 Qf6 14. Rab1 Qh6
15. g3 Nf6 16. Kg2 Kh8 17. Rh1 Ne4 18. h4 Qf6 19. Ng5 Qxf2+ 0-1

[Event "Politiken Cup 2007"]
[Site "Helsingor"]
[Date "2007.07.25"]
[Round "6.39"]
[White "Borg, Andrew"]
[Black "Van Eijk, Sander"]
[Result "1/2-1/2"]
[WhiteElo "2102"]
[BlackElo "2274"]
[PlyCount "90"]
[EventDate "2007.??.??"]

1. Nf3 c5 2. c4 Nf6 3. Nc3 e6 4. g3 a6 5. Bg2 Be7 6. O-O O-O 7. e3 Qc7 8. Qe2
d6 9. b3 Nbd7 10. Bb2 b6 11. d4 Bb7 12. e4 Rfe8 13. Rac1 Rac8 14. h3 Bf8 15.
Qc2 Qb8 16. Qb1 b5 17. d5 Nb6 18. Nd2 b4 19. Nd1 e5 20. Ne3 Rcd8 21. Qd3 a5 22.
Kh2 a4 23. Rg1 a3 24. Ba1 Nfd7 25. Nf5 g6 26. Ne3 Bg7 27. Rcf1 Rf8 28. Rh1 Bc8
29. Bf3 f6 30. h4 Kf7 31. h5 Rh8 32. Kg2 Qc7 33. Bg4 Nb8 34. Be2 Qe7 35. Bf3
Ke8 36. h6 Bf8 37. Bg4 Qc7 38. f4 Be7 39. Qe2 Bxg4 40. Qxg4 Qc8 41. Qe2 Kd7 42.
Kf2 Kc7 43. Ke1 Rdf8 44. Kd1 Kb7 45. Qh2 N8d7 1/2-1/2

[Event "Politiken Cup 2007"]
[Site "Helsingor"]
[Date "2007.07.25"]
[Round "6.40"]
[White "Nohr, Finn"]
[Black "Skovgaard, Peter"]
[Result "0-1"]
[WhiteElo "2087"]
[BlackElo "2256"]
[PlyCount "86"]
[EventDate "2007.??.??"]

1. e4 c5 2. Nf3 e6 3. d4 cxd4 4. Nxd4 a6 5. Nc3 Qc7 6. g3 b5 7. Bg2 Bb7 8. O-O
Nf6 9. a3 Nc6 10. Nxc6 dxc6 11. Re1 e5 12. Qe2 Bc8 13. a4 b4 14. Nd1 a5 15. Ne3
g6 16. Nc4 Ba6 17. Bf1 Nd7 18. Be3 Bc5 19. Rad1 Bxe3 20. Qxe3 Bxc4 21. Bxc4 O-O
22. Rd2 Nb6 23. Bb3 c5 24. Bd5 Rad8 25. Red1 Nxa4 26. Bxf7+ Kg7 27. Rxd8 Rxd8
28. Rxd8 Qxd8 29. Bb3 Nxb2 30. Qxc5 Kf6 31. Qc6+ Kg5 32. h4+ Kh6 33. Kg2 Nd1
34. Qc5 Qf6 35. f3 g5 36. Qg1 Qd6 37. hxg5+ Kxg5 38. f4+ Kg6 39. f5+ Kg5 40.
Qe1 Qd4 41. Kf3 Qc3+ 42. Qxc3 Nxc3 43. Bg8 a4 0-1

[Event "Politiken Cup 2007"]
[Site "Helsingor"]
[Date "2007.07.25"]
[Round "6.41"]
[White "Teplyi, Igor"]
[Black "Pedersen, Dimon Paul"]
[Result "1-0"]
[WhiteElo "2250"]
[BlackElo "2092"]
[PlyCount "35"]
[EventDate "2007.??.??"]

1. Nf3 Nf6 2. c4 g6 3. Nc3 d5 4. cxd5 Nxd5 5. Qa4+ Bd7 6. Qh4 Nxc3 7. dxc3 h6
8. Qd4 Rg8 9. e4 Nc6 10. Qe3 Bg7 11. Be2 e5 12. O-O g5 13. b4 Qf6 14. Rd1 Nd8
15. Bb2 g4 16. Ne1 Qf4 17. Qd3 Bc6 18. b5 1-0

[Event "Politiken Cup 2007"]
[Site "Helsingor"]
[Date "2007.07.25"]
[Round "6.42"]
[White "Andersen, Lars Rene"]
[Black "Coleman, Teddy"]
[Result "0-1"]
[WhiteElo "2081"]
[BlackElo "2248"]
[PlyCount "50"]
[EventDate "2007.??.??"]

1. c4 e5 2. Nc3 Bb4 3. Nd5 Bc5 4. d3 c6 5. Nc3 d5 6. cxd5 cxd5 7. Nf3 Nc6 8. g3
Nf6 9. Bg5 Qb6 10. d4 Nxd4 11. e3 Nxf3+ 12. Qxf3 Qxb2 13. Bb5+ Bd7 14. O-O Qxc3
15. Bxf6 Bxb5 16. Rfc1 Qa3 17. Bxg7 Rg8 18. Qxd5 Bc6 19. Qxe5+ Be7 20. Rc4 Qd6
21. Qc3 Rd8 22. Bd4 Qd5 23. Rxc6 Qxc6 24. Qd3 Rg6 25. Qb3 Bf6 0-1

[Event "Politiken Cup 2007"]
[Site "Helsingor"]
[Date "2007.07.25"]
[Round "6.45"]
[White "Urkedal, Frode"]
[Black "Eklund, Joel"]
[Result "1-0"]
[WhiteElo "2235"]
[BlackElo "2067"]
[PlyCount "51"]
[EventDate "2007.??.??"]

1. d4 c5 2. d5 e5 3. e4 d6 4. Nc3 Be7 5. Nf3 Bg4 6. Bb5+ Nd7 7. h3 Bxf3 8. Qxf3
a6 9. Bxd7+ Qxd7 10. a4 b6 11. O-O Nf6 12. Nd1 O-O 13. Ne3 b5 14. Nf5 bxa4 15.
Bh6 g6 16. Nxe7+ Qxe7 17. Bxf8 Kxf8 18. Rxa4 Ne8 19. Rfa1 Qb7 20. Qb3 Qxb3 21.
cxb3 Rb8 22. b4 cxb4 23. Rxa6 Rc8 24. Ra8 Rc4 25. Rb8 Ke7 26. b3 1-0

[Event "Politiken Cup 2007"]
[Site "Helsingor"]
[Date "2007.07.25"]
[Round "6.46"]
[White "Schultz-Pedersen, Jesper"]
[Black "Hensbergen, Willem"]
[Result "0-1"]
[WhiteElo "2204"]
[BlackElo "2076"]
[PlyCount "76"]
[EventDate "2007.??.??"]

1. e4 Nf6 2. e5 Nd5 3. c4 Nb6 4. c5 Nd5 5. Bc4 c6 6. d4 b6 7. Nc3 e6 8. Nh3
bxc5 9. O-O Ba6 10. Bxa6 Nxa6 11. Ne4 h6 12. f4 Qb6 13. f5 O-O-O 14. fxe6 fxe6
15. a3 cxd4 16. b4 Nc3 17. Nxc3 dxc3+ 18. Nf2 Nc7 19. Kh1 Nd5 20. Ne4 g5 21.
Ra2 Be7 22. Rc2 Rhf8 23. Re1 Rf5 24. Nxc3 Rdf8 25. h3 Nxc3 26. Rxc3 Qb5 27. Rd3
Rxe5 28. Rxe5 Qxe5 29. Be3 d5 30. Bxa7 Bd6 31. Bg1 Rf4 32. Qa4 Kd7 33. Rd1 g4
34. Rc1 gxh3 35. Qxc6+ Ke7 36. Qb7+ Kf6 37. Bh2 hxg2+ 38. Kg1 Qe3+ 0-1

[Event "Politiken Cup 2007"]
[Site "Helsingor"]
[Date "2007.07.25"]
[Round "6.47"]
[White "Getz, Nicolai"]
[Black "Christensen, Bo Garner"]
[Result "0-1"]
[WhiteElo "2060"]
[BlackElo "2223"]
[PlyCount "78"]
[EventDate "2007.??.??"]

1. e4 c5 2. Nf3 Nc6 3. d4 cxd4 4. Nxd4 Nf6 5. Nc3 e5 6. Ndb5 d6 7. Bg5 a6 8.
Na3 b5 9. Nd5 Be7 10. Bxf6 Bxf6 11. c3 Bg5 12. Nc2 Rb8 13. a4 bxa4 14. Ncb4
Nxb4 15. cxb4 O-O 16. Rxa4 f5 17. exf5 Bxf5 18. Bxa6 Bd7 19. Ra3 Kh8 20. O-O
Bh6 21. Qd3 Qh4 22. Qc4 e4 23. Qc7 Rbd8 24. f4 Be6 25. g3 Qh5 26. Ne3 Bh3 27.
Rf2 d5 28. Be2 Qe8 29. Bg4 Bxg4 30. Nxg4 d4 31. Nxh6 e3 32. Ra7 Qg6 33. Nf7+
Qxf7 34. Qxf7 Rxf7 35. Rxf7 d3 36. Rf1 e2 37. Ra1 d2 38. Rd7 e1=Q+ 39. Kg2 Qe4+
0-1